Statistics for Click the Movie Title Ending #5

Click here to take the quiz!

General Stats

  • This quiz has been taken 9,914 times
    (9,893 since last reset)
  • The average score is 20 of 24

Answer Stats

HintAnswer% Correct
BohemianRhapsody
98%
PearlHarbor
94%
PitchPerfect
94%
StarTrek
94%
PhoneBooth
90%
CaptainMarvel
90%
MagicMike
90%
ScaryMovie
89%
RunawayBride
87%
CrocodileDundee
87%
BruceAlmighty
86%
MonstersUniversity
86%
BlackWidow
86%
ShutterIsland
85%
JackieBrown
82%
Wayne'sWorld
81%
BabyDriver
80%
CabinFever
79%
HotShots!
77%
TropicThunder
75%
EasyRider
69%
TowerHeist
68%
OfficeSpace
62%
RoadHouse
56%

Score Distribution

Percentile by Number Answered

Percent of People with Each Score

Your Score History

You have not taken this quiz since the last reset